International valuation standards 2011 (Record no. 112692)

MARC details
000 -LEADER
fixed length control field 00649cam a22002055a 4500
001 - CONTROL NUMBER
control field L153767
008 - FIXED-LENGTH DATA ELEMENTS--GENERAL INFORMATION
fixed length control field 110826s2011 xxk f 000 0 eng d
020 ## - INTERNATIONAL STANDARD BOOK NUMBER
International Standard Book Number 9780956931306
035 ## - SYSTEM CONTROL NUMBER
System control number (Sirsi) u153767
041 0# - LANGUAGE CODE
Language code of text/sound track or separate title eng
050 04 - LIBRARY OF CONGRESS CALL NUMBER
Classification number 333.332091 $2 18
110 2# - MAIN ENTRY--CORPORATE NAME
Corporate name or jurisdiction name as entry element International Valuation Standards Council
9 (RLIN) 5828
245 00 - TITLE STATEMENT
Title International valuation standards 2011
260 ## - PUBLICATION, DISTRIBUTION, ETC.
Place of publication, distribution, etc. London
Name of publisher, distributor, etc. IVSC
Date of publication, distribution, etc. 2011
520 ## - SUMMARY, ETC.
Summary, etc. Includes all of the International Valuation Standards as of 1st June 2011, and is the only offical printed edition of these standards.
590 ## - LOCAL NOTE (RLIN)
Local note KA
651 #4 - SUBJECT ADDED ENTRY--GEOGRAPHIC NAME
Geographic name International
690 ## - LOCAL SUBJECT ADDED ENTRY--TOPICAL TERM (OCLC, RLIN)
Topical term or geographic name as entry element Valuation
9 (RLIN) 6273
942 ## - ADDED ENTRY ELEMENTS (KOHA)
Suppress in OPAC 0
Holdings
Withdrawn status Lost status Source of classification or shelving scheme Damaged status Not for loan Home library Current library Shelving location Date acquired Total Checkouts Full call number Barcode Date last seen Copy number Price effective from Koha item type
    Dewey Decimal Classification     London London Basement 26/08/2011   BASEMENT 30077278 06/08/2019 1 06/08/2019 Book